000 00343nam a2200133Ia 4500
008 200103s9999||||xx |||||||||||||| ||und||
040 _aIMU-MPC
082 _aColumn-14
100 _aKlinkert, J.
245 0 _aCompass-Wise or getting to know tour compass
260 _bBrown, Son and Ferguson, Ltd.
_c1983
300 _avii, 192
942 _cBK
999 _c5527
_d5527